Building learning communities in cyberspace : (Record no. 6188)

MARC details
000 -LEADER
fixed length control field 01412cam a2200229 a 4500
020 ## - INTERNATIONAL STANDARD BOOK NUMBER
ISBN 0787944602 (acidfree paper)
022 ## - INTERNATIONAL STANDARD SERIAL NUMBER
ISSN 9780787944605
050 00 - CALL NUMBER
Classification number LC5805
Item number .P18
100 1# - AUTHOR
Personal name Palloff, Rena M.,
245 10 - TITLE
Title Building learning communities in cyberspace :
Remainder of title effective strategies for the online classroom /
Statement of responsibility, etc Rena M. Palloff, Keith Pratt.
250 ## - EDITION
Edition statement 1st ed.
260 ## - PUBLICATION INFORMATION
Place of publication San Francisco :
Name of publisher Jossey-Bass Publishers,
Year of publication c1999.
300 ## - DESCRIPTION
Number of Pages xxiv, 206 p. :
Other physical details ill. ;
Dimensions 24 cm.
440 #4 - SERIES
SERIES The Jossey-Bass higher and adult education series
500 ## - NOTES
General note Includes bibliographical references and index
505 ## - FORMATTED CONTENTS NOTE
Table of Content 1. When teaching and learning leave the classroom --<br/>2. Defining and redefining community --<br/>3. What we know about electronic learning --<br/>4. Time and group size --<br/>5. Managing the technology --<br/>6. Making the conversion from the classroom to cyberspace --<br/>7. Building foundations --<br/>8. Promoting collaborative learning --<br/>9. Transformative learning --<br/>10.Evaluation --<br/>11. Lessons learned and a look ahead --<br/>Resource A: examples of course syllabi --<br/>Resource B: glossary of terms used in computer-mediated distance education --<br/>Resource C: Internet resources for distance education.<br/>Bibliography <br/>Index
650 #0 - SUBJECTS
Topical Term Distance education
650 #0 - SUBJECTS
Topical Term College teaching
General subdivision Data processing.
650 #0 - SUBJECTS
Topical Term Computer-assisted instruction
700 1# - OTHER AUTHORS
Personal name Pratt, Keith,
942 ## - ADDED ENTRY ELEMENTS (KOHA)
Koha item type Books
Holdings
Withdrawn status Lost status Collection code Home library Current library Shelving location Date acquired Full call number Accession Number Koha item type
    Reference Methodist University Library Main Methodist University Library Main General Stacks 12/07/2013 LC5805 .P18 37957 Books
Copyright © 2026  MUG Library